Statistics for Animated TV Shows

Click here to take the quiz!

General Stats

  • This quiz has been taken 1,032 times
  • The average score is 9 of 15

Answer Stats

Hint Answer % Correct
3 super girls made of sugar, spice, and everything nicethe Powerpuff Girls
89%
the life of a rather idiotic yellow man and his familythe Simpsons
78%
timmy was an average kid with fairy god parentsFairly Odd Parents
75%
"What's up, doc?"Looney Tunes
74%
A very short genius has a very tall, dumb sisterDexter's Lab
72%
2 step-brothers, their friends, and a platypus build incredible machinesPhineas and Ferb
71%
a ten-year-old boy finds an alien wristwatch and becomes a heroBen-10
65%
Three boys with the same name are always trying to make moneyEd, Edd, and Eddy
65%
A 12-year-old hero, who can bend all the elements, is frozen in an iceburgAvatar: The Last Airbender
63%
A genius boy makes inventions but has not-so-smart friendsJimmy Neutron
60%
A human boy and his magic dog live in the candy kingdom, looking for adventureAdventure Time
49%
A group of teenage super-heros form a legueTeen Titans
45%
A boy visits his blue pretend friendFoster's Home for Imaginary Friends
40%
A robot girl tries to fit in at her high schoolMy Life as a Teenage Robot
28%
A human boy with the last name Lion is accidentally transferred to a school for animalsMy Gym Partner's a Monkey
23%

Score Distribution

Percentile by Number Answered

Percent of People with Each Score

Your Score History

You have not taken this quiz